000 00310nam a2200121Ia 4500
008 180222s9999||||xx |||||||||||||| ||und||
020 _cNT
_350
_a978-986-320-541-8
100 _a黃靜雅
245 0 _c黃靜雅
_a大口一吞,然後呢?
250 _a一版
260 _c2014.08
_a台北市
300 _c cm.
_a p.
942 _2ccl
_cBOOK
999 _c6076
_d6076